Pesadilla en Vancúver / (Registro nro. 12086)

Detalles MARC
000 -LIDER
fixed length control field 01085nam a22003377a 4500
001 - NÚMERO DE CONTROL
Identificador de número de control 000738
003 - IDENTIFICACDOR DE NÚMERO DE CONTROL
control field DO-SdBNP
005 - DATE AND TIME OF LATEST TRANSACTION
control field 20180213151340.0
007 - CAMPOS FIJOS DE DESCRIPCIÓN FÍSICA
fixed length control field 000738
008 - ELEMENTOS DE LONGITUD FIJA
fixed length control field 161124b 1992 sp a ||||| |||| 00| 0 spa d
020 ## - ISBN
International Standard Book Number 8434811383
040 ## - FUENTE DE CATALOGACIÓN
Agencia que crea de manera original el registro BPMSU
Idioma de catalogación spa
Agencia que realiza la transcripción BPMSU
082 ## - NÚMERO DE CLASIFICACIÓN DECIMAL DE DEWEY
Classification number xxxx
Item number xxxx
100 1# - ASIENTO PRINCIPAL -- NOMBRE PERSONAL
Nombre personal Wilson, Eric
240 1# - TITULO UNIFORME
Título uniforme Vancouver nightmare.
Idioma de una obra Español
245 10 - MENCIÓN DE TITULO
Título Pesadilla en Vancúver /
Mención de responsabilidad Eric Wilson ; traducción del inglés, Pedro Barbadillo ; ilustraciones, Tom McNeely.
250 ## - MENCIÓN DE EDICION
Mención de edición 13ª ed.
260 ## - PUBLICACIÓN, DISTRIBUCIÓN, ETC. (PIE DE IMPRENTA)
Lugar de publicación, distribución, etc Madrid :
Nombre del editor, distribuidor, etc. SM,
Fecha de publicación, distribución, etc 1992.
300 ## - DESCRIPCIÓN FÍSICA
Extensión 161 p. :
Otros detalles físicos il. ;
Dimensiones 19 cm.
490 1# - MENCIÓN DE SERIES
Mención de serie El barco de vapor. Serie naranja
Volume/sequential designation 38
490 1# - MENCIÓN DE SERIES
Mención de serie El barco de vapor
Volume/sequential designation 17
500 ## - NOTA GENERAL
Nota general Apartir de 9 años
500 ## - NOTA GENERAL
Nota general Incluye datos del autor.
700 12 - ASIENTO SECUNDARIO -- NOMBRE PERSONAL
Nombre personal McNeely, Tom,
Mención de responsabilidad il.
700 12 - ASIENTO SECUNDARIO -- NOMBRE PERSONAL
Nombre personal Barbadillo, Pedro (Barbadillo Gómez)
Mención de responsabilidad tr.
830 #0 - ASIENTO SECUNDARIO DE SERIE--TÍTULO UNIFORME
Título uniforme El barco de vapor. Serie naranja ;
Volume number/sequential designation 38
830 #0 - ASIENTO SECUNDARIO DE SERIE--TÍTULO UNIFORME
Título uniforme El barco de vapor ;
Volume number/sequential designation 17
942 ## - ADDED ENTRY ELEMENTS (KOHA)
Source of classification or shelving scheme Dewey Decimal Classification
Koha item type Libros
945 ## - INFORMACIÓN DE PROCESAMIENTO LOCAL
Información de procesamiento local Inventariado, 2018 / YL
956 ## - LOCAL ELECTRONIC LOCATION AND ACCESS (OCLC)
Método de acceso LOPEREZ
Materiales especificados 10
Enlace 20161124
Campo enlazado y núm. de secuencia BPMSU
Nombre de host 00041
Existencias
Withdrawn status Lost status Source of classification or shelving scheme Damaged status Not for loan Collection code Home library Current library Date acquired Source of acquisition Total Checkouts Full call number Barcode Date last seen Price effective from Koha item type
    Dewey Decimal Classification     Colección Infantil General Biblioteca Pública Metropolitana Salomé Ureña Biblioteca Pública Metropolitana Salomé Ureña 11/24/2016 Donación   xxxx xxxx BPMSU16111536 11/24/2016 11/24/2016 Libros